France ou Suisse ? (-oz) - Statistiques

Statistiques générales
  • Ce quiz a été pris 26 fois
  • Le résultat moyen est 14 sur 25
Statistiques - réponses
Hint Réponse % Correct
Marlioz France
72%
Champtauroz Suisse
72%
Vuisternens-en-Ogoz Suisse
68%
Ferpicloz Suisse
68%
Éternoz France
64%
Aviernoz France
64%
Chevennoz France
64%
Saint-Jorioz France
64%
Vétroz Suisse
64%
Niévroz France
60%
Les Carroz France
60%
Chésopelloz Suisse
60%
Brot-Plamboz Suisse
56%
Champoz Suisse
56%
Contrevoz France
52%
Reyvroz France
52%
Bolandoz France
48%
Pont-en-Ogoz Suisse
48%
Échevennoz Suisse
48%
Culoz France
44%
Marboz France
44%
Saffloz France
44%
Vertamboz France
44%
Servoz France
44%
Mazembroz Suisse
40%
Aucun quiz correspondant
Distribution des résultats
% des personnes avec chaque résultat
Percentile par nombre de réponses
Votre historique - résultats
Vous n’avez pas pris ce quiz